000 00717nam a2200181 a 4500
008 120416s1979 ||||||||||||||||| || u
020 _a0060409363
050 _aHB 172.5 Bra
100 _aBranson, William H
245 1 0 _aMacroeconomic theory and policy. (2nd ed.)
250 _a2nd ed.
260 _aNew York :
_bHarper & Row
_c1979
300 _axiv, 556p. : ill.
350 _a0.00
650 _aMICROECONOMICS
995 _aBINDERY (DAMAGED)
_D0.00
_e725972
_FCBU-MAIN LIBRARY (Kitwe)
_H1
_I7.95
_jHB 172.5 Bra
_UDAMAGED
_y002118
_ZMain Library Open Access Collection
995 _aBINDERY (DAMAGED)
_D0.00
_e705549
_FCBU-MAIN LIBRARY (Kitwe)
_H2
_I7.95
_jHB 172.5 Bra
_UDAMAGED
_y002119
_ZMain Library Open Access Collection
999 _c82294
_d82294